|
|
|
|
| LEADER |
01067nam a2200289 a 4500 |
| 001 |
3971 |
| 003 |
BD-DhAAL |
| 005 |
20150614112505.0 |
| 008 |
150614s1998 nyu b 000 0 eng |
| 010 |
|
|
|a 97051781
|
| 020 |
|
|
|a 0393046486
|
| 040 |
|
|
|a DLC
|c DLC
|d DLC
|d BD-DhAAL
|
| 050 |
0 |
0 |
|a QH442.2
|b .C55 1998
|
| 082 |
0 |
0 |
|a 174/.25
|2 21
|
| 245 |
0 |
0 |
|a Clones and clones :
|b facts and fantasies about human cloning /
|c edited by Martha C. Nussbaum and Cass R. Sunstein.
|
| 250 |
|
|
|a 1st ed.
|
| 260 |
|
|
|a New York :
|b Norton,
|c c1998.
|
| 300 |
|
|
|a 351 p. ;
|c 22 cm.
|
| 504 |
|
|
|a Includes bibliographical references.
|
| 541 |
|
|
|e 3971
|
| 650 |
|
0 |
|a Human cloning
|x Social aspects.
|9 12005
|
| 650 |
|
0 |
|a Human cloning
|x Moral and ethical aspects.
|9 12006
|
| 700 |
1 |
|
|a Nussbaum, Martha Craven,
|d 1947-
|9 12007
|
| 700 |
1 |
|
|a Sunstein, Cass R.
|9 12008
|
| 942 |
|
|
|2 ddc
|c BK
|
| 999 |
|
|
|c 34711
|d 34711
|
| 952 |
|
|
|0 0
|1 0
|2 ddc
|4 0
|6 174_250000000000000_CLO
|7 0
|9 54283
|a SCL
|b SCL
|c GEN
|d 2015-06-14
|e Gift: The Asia Foundation
|l 1
|o 174.25 CLO
|p 3020003971
|r 2024-06-10
|s 2024-05-30
|t 1
|w 2015-06-14
|y BK
|